000 00300nam a22001337a 4500
008 221006b ||||| |||| 00| 0 eng d
041 _aeng
080 _2sixth edition
_a616.8
082 _a616.8 RUB
100 _a12
101 _aONCO
245 _aCLINICAL ONCOLOGY
_cRUBIN PH
942 _2udc
_cBK
999 _c58389
_d58389